Институт природных ресурсов - современный учебно-научный центр с вековыми традициями; Творчество юных - шаг в успешное будущее

Dades bibliogràfiques
Parent link:Творчество юных - шаг в успешное будущее.— 2014.— [С. 19-21]
Autor principal: Дмитриев А. Ю. Андрей Юрьевич
Autor corporatiu: Национальный исследовательский Томский политехнический университет (ТПУ) Институт природных ресурсов (ИПР) Кафедра бурения скважин (БС)
Sumari:Заглавие с титульного экрана
Idioma:rus
Publicat: 2014
Col·lecció:Пленарные доклады
Matèries:
Accés en línia:http://www.lib.tpu.ru/fulltext/c/2015/C66/004.pdf
Format: MixedMaterials Electrònic Capítol de llibre
KOHA link:https://koha.lib.tpu.ru/cgi-bin/koha/opac-detail.pl?biblionumber=612422

MARC

LEADER 00000naa2a2200000 4500
001 612422
005 20260422131903.0
035 |a (RuTPU)RU\TPU\conf\10544 
035 |a RU\TPU\conf\10543 
090 |a 612422 
100 |a 20150616d2014 k y0rusy50 ca 
101 0 |a rus 
102 |a RU 
135 |a drcn ---uucaa 
181 0 |a i  
182 0 |a b 
200 1 |a Институт природных ресурсов - современный учебно-научный центр с вековыми традициями  |f А. Ю. Дмитриев 
203 |a Текст  |c электронный 
225 1 |a Пленарные доклады 
300 |a Заглавие с титульного экрана 
337 |a Adobe Reader 
463 1 |0 (RuTPU)RU\TPU\conf\10372  |t Творчество юных - шаг в успешное будущее  |o материалы VII Всероссийской научной студенческой конференции с элементами научной школы имени профессора М.К. Коровина, г. Томск, 10-14 ноября 2014 г.  |f Национальный исследовательский Томский политехнический университет (ТПУ) ; под ред. А. Ю. Дмитриева  |v [С. 19-21]  |d 2014 
601 0 2 |a Национальный исследовательский Томский политехнический университет (ТПУ)  |b Институт природных ресурсов (ИПР)  |2 stltpush  |3 (RuTPU)RU\TPU\col\16389 
610 1 |a труды учёных ТПУ 
610 1 |a электронный ресурс 
610 1 |a научно-образовательные центры 
610 1 |a научные школы 
610 1 |a фундаментальные исследования 
610 1 |a прикладные исследования 
610 1 |a природные ресурсы 
610 1 |a научные исследования 
610 1 |a многоуровневая подготовка 
610 1 |a нефтегазовая отрасль 
700 1 |a Дмитриев  |b А. Ю.  |c специалист в области нефтегазового дела  |c доцент, проректор-директор Томского политехнического университета, кандидат технических наук  |f 1972-  |g Андрей Юрьевич  |3 (RuTPU)RU\TPU\pers\24766 
712 0 2 |a Национальный исследовательский Томский политехнический университет (ТПУ)  |b Институт природных ресурсов (ИПР)  |b Кафедра бурения скважин (БС)  |3 (RuTPU)RU\TPU\col\18666 
801 2 |a RU  |b 63413507  |c 20161013  |g RCR 
856 4 |u http://www.lib.tpu.ru/fulltext/c/2015/C66/004.pdf 
942 |c BK